00327nam a2200109Ia 4500008004100000082001600041100002500057245005000082260003200132300000700164650004600171191201s2018 xx 000 0 und d a612.015 KAP aKALE,SR AND KALE, RR 0aPractical biochemistry and clinical pathology bNirali pubaNew delhic2018 a88 aApplied Biochemistry & Clinical Chemistry